| 000 -LEADER |
| fixed length control field |
01011nam a22001937a 4500 |
| 005 - DATE AND TIME OF LATEST TRANSACTION |
| control field |
20220117121616.0 |
| 008 - FIXED-LENGTH DATA ELEMENTS--GENERAL INFORMATION |
| fixed length control field |
220117s2021 enk||||| |||| 00| 0 eng d |
| 020 ## - INTERNATIONAL STANDARD BOOK NUMBER |
| International Standard Book Number |
9780367422974 |
| 041 ## - LANGUAGE CODE |
| Language code of text/sound track or separate title |
eng |
| 080 ## - UNIVERSAL DECIMAL CLASSIFICATION NUMBER |
| Universal Decimal Classification number |
372 P-92 |
| 100 ## - MAIN ENTRY--PERSONAL NAME |
| Personal name |
Price, Deborah |
| 9 (RLIN) |
13392 |
| 245 ## - TITLE STATEMENT |
| Title |
Supporting Young Children Experiencing Loss and Grief: A Practical Guide |
| Statement of responsibility, etc. |
Deborah Price, Clair Barnard. |
| 264 ## - PRODUCTION, PUBLICATION, DISTRIBUTION, MANUFACTURE, AND COPYRIGHT NOTICE |
| Place of production, publication, distribution, manufacture |
London : |
| Name of producer, publisher, distributor, manufacturer |
Routledge, Taylor & Francis Group, |
| Date of production, publication, distribution, manufacture, or copyright notice |
2021. |
| 300 ## - PHYSICAL DESCRIPTION |
| Extent |
133 p.; |
| Other physical details |
25 cm. |
| 653 ## - INDEX TERM--UNCONTROLLED |
| keyword |
მცირეწლოვანი ბავშვების დახმარება, რომლებიც განიცდიან დაკარგვას და მწუხარებას: პრაქტიკული გზამკვლევი |
| 653 ## - INDEX TERM--UNCONTROLLED |
| keyword |
Поддержка маленьких детей, переживающих утрату и горе: практическое руководство |
| 700 ## - ADDED ENTRY--PERSONAL NAME |
| Personal name |
Barnard, Clair |
| Relator term |
ავტორი |
| 9 (RLIN) |
13393 |
| 942 ## - ADDED ENTRY ELEMENTS (KOHA) |
| Source of classification or shelving scheme |
|
| Koha item type |
წიგნი |